World Geography E - Statistics

General Stats
  • This quiz has been taken 86 times
  • The average score is 18 of 25
Answer Stats
Questions Answer % Correct
1) Capital of Scotland Edinburgh
100%
21) north, west, south, ______ east
97%
16) Highest mountain in the world Everest
97%
3) this country holds possession of the famedGalapagos islands Ecuador
95%
15) Remote Pacific island home to the Moai statues Easter Island
92%
14) Body of water separating England from France English channel
91%
23) Eastern African nation that has remainedindependent through years of colonization Ethiopia
91%
18) Active stratovolcano on the east coast of Sicily Etna
91%
2) Ancient Mesopotamian riverin Iraq Euphrates
89%
6) This city in Kansas and Californiais Greek for "ive found it!" Eureka
89%
8) small country on the Pacific coast ofcentral America El Salvador
87%
9) Southern African nation formerly named Swaziland Eswatini
86%
20) The degrading of rock by water, wind or ice over time erosion
84%
17) Remote, swampy section of southern Florida Everglades
83%
22) one of the 2 hemispheres Eastern
79%
11) Port of entry for immigrants in NewYork during the 1900s Ellis island
74%
10) Large city in western Texas on theRio Grande border El Paso
74%
24) Its capital is Asmara Eritrea
74%
5) 2nd largest city in the Rhur area ofwestern Germany Essen
66%
19) Dormant volcano in the Caucuses, the highest point in Europe Elbrus
59%
4) Home to the University of Oregon Eugene
49%
7) Ancient Greek city on the coast ofmodern day Turkey Ephesus
30%
12) Home to Michigan State University East Lansing
24%
25) Province of South Africa just south of Lesotho Eastern Cape
21%
13) City in southwestern Indiana onthe Ohio river Evansville
18%
No matching quizzes found
Score Distribution
Percent of People with Each Score
Percentile by Number Answered
Your Score History
You have not taken this quiz